000 00582nam a2200181 a 4500
005 20140412111325.0
008 001113s19uu xx 00 eng d
020 _a0-395-88395-4
050 _aTR(PS E
_bOu7 1995
100 _aWild, Margaret
245 _aOur granny /
_cwritten by Margaret Wild; illustrated by julie Vivas.
250 _a1st American Ed.
260 _aBoston :
_bHoughton Mifflin Comp,
_c1995.
300 _a1 v. (unp.)
520 _aWhile grannies come in all shapes and sizes, "our granny" is unique.
650 _aGrandmothers -- Fiction
999 _c104566
_d104566